000 nam a22 7a 4500
999 _c29402
_d29402
008 171205b xxu||||| |||| 00| 0 eng d
020 _a9789966460721
050 _aPR 9379 .A76 2014
100 _aArmah,Ayi Kwei.
245 _aWema hawajazaliwa.
260 _aNairobi:
_bEast african education publishers.
300 _a198p.
_c22cm
942 _2lcc
_cAFRICANA
_hPR 9379 .A76 2014
_08